Public-Private Partnerships in Transitional Nations: Policy, Governance and Praxis (Record no. 533098)

000 -LEADER
fixed length control field 00526nam a22001817a 4500
003 - CONTROL NUMBER IDENTIFIER
control field NUST
005 - DATE AND TIME OF LATEST TRANSACTION
control field 20191212113131.0
008 - FIXED-LENGTH DATA ELEMENTS--GENERAL INFORMATION
fixed length control field 191212b ||||| |||| 00| 0 eng d
020 ## - INTERNATIONAL STANDARD BOOK NUMBER
International Standard Book Number 1443873829
024 ## - OTHER STANDARD IDENTIFIER
Standard number or code 9781443873826
038 ## - RECORD CONTENT LICENSOR
Staff Name MSOHAIL
082 ## - DEWEY DECIMAL CLASSIFICATION NUMBER
Classification number 361.25 MOU
100 ## - MAIN ENTRY--PERSONAL NAME
Personal name Nikolai Mouraviev, Nada Kakabadse
9 (RLIN) 26805
245 ## - TITLE STATEMENT
Title Public-Private Partnerships in Transitional Nations: Policy, Governance and Praxis
260 ## - PUBLICATION, DISTRIBUTION, ETC.
Place of publication, distribution, etc. UK
Name of publisher, distributor, etc. Cambridge Scholars Publishing
Date of publication, distribution, etc. c2017
300 ## - PHYSICAL DESCRIPTION
Extent 268;p.v
942 ## - ADDED ENTRY ELEMENTS (KOHA)
Source of classification or shelving scheme
Koha item type Book
Holdings
Withdrawn status Lost status Source of classification or shelving scheme Damaged status Not for loan Permanent Location Current Location Date acquired Total Checkouts Full call number Barcode Date last seen Price effective from Koha item type
          School of Civil and Environmental Engineering (SCEE) School of Civil and Environmental Engineering (SCEE) 12/12/2019   361.25 MOU NIT-12869 12/12/2019 12/12/2019 Book
© 2023 Central Library, National University of Sciences and Technology. All Rights Reserved.